000 00740nam a2200241 i 4500
001 178063
003 ES-MaACL
005 20251122140130.0
007 t|
008 110516s1967 sp ||||1| spa d
080 _a27-27
100 1 _aTasker, R. V. G.
_9146539
245 1 3 _aLa ira de Dios /
_cR. V. G. Tasker ; [traducción de José Grau].
250 _a1ª ed.
260 _aBarcelona :
_bEdiciones Evangélicas Europeas,
_c1967.
300 _a61 p. ;
_c19 cm.
490 1 _aPensamiento evangélico
630 0 _aBiblia-
_xCrítica e interpretación.
_9119239
700 1 _aGrau, José,
_d1931-
_9162643
830 0 _aPensamiento evangélico
_9190714
852 _aES-MaACL
_jE-15104
_xOlim P-1215
999 _c178063
_d178063